000 00646nam a2200145 a 4500
001 000030545
005 20200930062354.0
008 110523s1936 dr c 000 | spa d
040 _aDO-SdBNP
_bspa
_cBNPHU
110 1 _aRepública Dominicana.
_bPresidente (1930-1938 : Trujillo Molina)
_957161
245 1 0 _aA las escuelas e instituciones culturales de la República :
_bmensaje del honorable presidente de la República Dominicana, generalísimo doctor Rafael L. Trujillo Molina, en ocasión del Día Panamericano.
260 _aCiudad Trujillo, República Dominicana :
_bLa Opinión,
_c1936.
300 _a8 p. :
_bretr. ;
_c23 cm.
049 _aBNPD
999 _c30037
_d30037